Where Are You in the World? - Statistics

General Stats
  • This quiz has been taken 18 times
  • The average score is 9 of 15
Answer Stats
Picture Answer % Correct
India
100%
Greece
94%
United States
83%
Italy
78%
Japan
78%
Canada
67%
Spain
67%
Thailand
67%
Russia
61%
Germany
56%
United Arab Emirates
50%
Botswana
39%
Poland
33%
South Africa
33%
Guatemala
0%
No matching quizzes found
Score Distribution
Percent of People with Each Score
Percentile by Number Answered
Your Score History
You have not taken this quiz